| 000 -LEADER |
| fixed length control field |
01554pam a2200301 a 4500 |
| 001 - CONTROL NUMBER |
| control field |
2050007 |
| 003 - CONTROL NUMBER IDENTIFIER |
| control field |
NUST |
| 005 - DATE AND TIME OF LATEST TRANSACTION |
| control field |
20171106144832.0 |
| 008 - FIXED-LENGTH DATA ELEMENTS--GENERAL INFORMATION |
| fixed length control field |
930615s1993 vaua b 001 0 eng |
| 010 ## - LIBRARY OF CONGRESS CONTROL NUMBER |
| LC control number |
93011549 |
| 020 ## - INTERNATIONAL STANDARD BOOK NUMBER |
| International Standard Book Number |
188136934X : |
| Terms of availability |
$60.00 (est.) |
| 040 ## - CATALOGING SOURCE |
| Original cataloging agency |
DLC |
| Transcribing agency |
DLC |
| Modifying agency |
DLC |
| 050 00 - LIBRARY OF CONGRESS CALL NUMBER |
| Classification number |
TD201 |
| Item number |
.W337 no. 21 |
| Classification number |
TD746 |
| 082 00 - DEWEY DECIMAL CLASSIFICATION NUMBER |
| Classification number |
628.168 GIL |
| -- |
628.3 |
| Edition number |
20 |
| 245 00 - TITLE STATEMENT |
| Title |
Instrumentation in wastewater treatment facilities / |
| Statement of responsibility, etc. |
prepared by Task Force on Instrumentation in Wastewater Treatment Facilities, Harold D. Gilman, chairman ... [et al.]. |
| 260 ## - PUBLICATION, DISTRIBUTION, ETC. |
| Place of publication, distribution, etc. |
Alexandria, VA : |
| Name of publisher, distributor, etc. |
Water Environment Federation, |
| Date of publication, distribution, etc. |
1993. |
| 300 ## - PHYSICAL DESCRIPTION |
| Extent |
xxiv, 332 p. : |
| Other physical details |
ill. ; |
| Dimensions |
26 cm. |
| 440 #0 - SERIES STATEMENT/ADDED ENTRY--TITLE |
| Title |
Manual of practice ; |
| Volume/sequential designation |
no. 21 |
| 9 (RLIN) |
6011 |
| 500 ## - GENERAL NOTE |
| General note |
"[Prepared] under the direction of the Facilities Development Subcommittee of the Technical Practice Committee." |
| 501 ## - WITH NOTE |
| With note |
P.B |
| 504 ## - BIBLIOGRAPHY, ETC. NOTE |
| Bibliography, etc. note |
Includes bibliographical references and index. |
| 650 #0 - SUBJECT ADDED ENTRY--TOPICAL TERM |
| Topical term or geographic name entry element |
Sewage disposal plants |
| General subdivision |
Equipment and supplies. |
| 9 (RLIN) |
6012 |
| 700 1# - ADDED ENTRY--PERSONAL NAME |
| Personal name |
Gilman, Harold D. |
| 9 (RLIN) |
6013 |
| 710 2# - ADDED ENTRY--CORPORATE NAME |
| Corporate name or jurisdiction name as entry element |
Water Environment Federation. |
| Subordinate unit |
Task Force on Instrumentation in Wastewater Treatment Facilities. |
| 9 (RLIN) |
6014 |
| 710 2# - ADDED ENTRY--CORPORATE NAME |
| Corporate name or jurisdiction name as entry element |
Water Environment Federation. |
| Subordinate unit |
Facilities Development Subcommittee. |
| 9 (RLIN) |
5962 |
| 730 0# - ADDED ENTRY--UNIFORM TITLE |
| Uniform title |
Primer for computerized wastewater applications. |
| 9 (RLIN) |
6015 |
| 906 ## - LOCAL DATA ELEMENT F, LDF (RLIN) |
| a |
7 |
| b |
cbc |
| c |
orignew |
| d |
1 |
| e |
ocip |
| f |
19 |
| g |
y-gencatlg |
| 942 ## - ADDED ENTRY ELEMENTS (KOHA) |
| Source of classification or shelving scheme |
|
| Koha item type |
Book |
| Call number prefix |
IESE |